La educación superior en el mundo 2007: acreditación para la garantía de calidad: ¿Qué está en juego?
Đã lưu trong:
| Tác giả của công ty: | |
|---|---|
| Định dạng: | Sách |
| Ngôn ngữ: | Tiếng Tây Ban Nha |
| Được phát hành: |
Madrid
Ediciones Mundi-Prensa
2006
|
| Loạt: | GUNI sobre el COmpromiso Social de las Universidades, 2
|
| Những chủ đề: | |
| Các nhãn: |
Thêm thẻ
Không có thẻ, Là người đầu tiên thẻ bản ghi này!
|
MARC
| LEADER | 00000cam a2200000 a 4500 | ||
|---|---|---|---|
| 001 | UCF6052 | ||
| 003 | CL-VaPUC | ||
| 008 | 130411e20060000SP |||||||||||||||||spa|d | ||
| 020 | |a 848476303X | ||
| 082 | 0 | 4 | |a 378 |b GLO |2 21 |
| 110 | 2 | |a Global University Network for Innovation |e author |9 568053 | |
| 245 | 1 | 3 | |a La educación superior en el mundo 2007: acreditación para la garantía de calidad: ¿Qué está en juego? |
| 300 | |a 415p | ||
| 942 | |c BK | ||
| 945 | |d 20130411 00:00:00 |a dcastane | ||
| 260 | |a Madrid |b Ediciones Mundi-Prensa |c 2006 | ||
| 650 | 0 | |a Educación superior |9 223851 | |
| 650 | 0 | |a Acreditación |9 523171 | |
| 650 | 0 | |a Acreditación universitaria |9 499052 | |
| 650 | 0 | |a Calidad de la educación |9 307271 | |
| 583 | |a last modification |c 20130411 10:22:00 |k Rodrigo Vera | ||
| 490 | 0 | |a GUNI sobre el COmpromiso Social de las Universidades, 2 | |
| 999 | |c 351401 |d 351399 | ||
| 952 | |0 0 |1 0 |4 0 |6 378_000000000000000_GLO_2006 |7 0 |8 A |9 455487 |a BIBHIS |b BIBHIS |d 2019-11-22 |i 4960696 |o 378 GLO 2006 |p 4960696 |r 2025-01-20 |w 2019-11-22 |y BK |k HIS | ||